| 000 | 01644cam a2200397 a 4500 | ||
|---|---|---|---|
| 003 | CO-BoRNBP | ||
| 005 | 20241022103113.0 | ||
| 007 | ta | ||
| 008 | 000907s1999 sp a re 00110 spa d | ||
| 020 | _a8449414113 | ||
| 040 |
_ala _cla |
||
| 041 | 0 | _aspa | |
| 082 | 0 | 4 |
_aR630.3 _bE52a1 _219 ed. |
| 245 | 0 | 0 |
_aEnciclopedia práctica de la agricultura y la ganadería / _cequipo de redacción Carlos Buxadé Carbó ... [et al.] ; dirección científica y técnica de la obra Jesús Fernández González ; revisión técnica Aurora López López, Ana Mascuñán Lletget ; ilustración Francisco Gutiérrez. |
| 250 | _aEditores Pilar Casado, Federico Romero. | ||
| 300 |
_axvi, 1032 p. : _bil. ; _c27 cm. |
||
| 336 |
_2rdacontent _atexto _btxt |
||
| 337 |
_2rdamedia _asin mediación _bn |
||
| 338 |
_2rdacarrier _avolumen _bnc |
||
| 504 | _aIncluye bibliografía e índice. | ||
| 650 | 7 |
_aAgricultura _v Enciclopedias. _2BLAAUTO _943420 |
|
| 650 | 7 |
_aGanadería _v Enciclopedias. _2BLAAUTO _943421 |
|
| 650 | 7 |
_aCultivos _v Enciclopedias. _2BLAAUTO _943422 |
|
| 650 | 7 |
_aArboricultura _v Enciclopedias. _2BLAAUTO _943423 |
|
| 650 | 7 |
_aZootecnia _v Enciclopedias. _2BLAAUTO _943424 |
|
| 700 | 1 |
_aBuxadé Carbó, Carlos. _93923 |
|
| 700 | 1 |
_aFernández González, Jesús, _d1955- _943425 |
|
| 700 | 1 |
_aRomero, Federico, _eed. _943426 |
|
| 700 | 1 |
_aCasado, Pilar, _eed. _943427 |
|
| 700 | 1 |
_aLópez López, Aurora. _943428 |
|
| 700 | 1 |
_aMascuñán Lletget, Ana. _943429 |
|
| 700 | 1 |
_aGutiérrez Pérez, Francisco, _d1958-, _eil. _943430 |
|
| 830 | 0 |
_aLista Básica-Bibliotecas Públicas 2. _942480 |
|
| 942 |
_2ddc _cREF |
||
| 949 |
_an _bn |
||
| 999 |
_c38504 _d38504 |
||